Les joueurs les plus sélectionnés de l'équipe deFrance - Statistiques

Statistiques générales
  • Ce quiz a été pris 96 fois
  • Le résultat moyen est 13 sur 20
Statistiques - réponses
Classement Nombre de sélection Joueurs % Correct
5 117 Antoine Griezmann
94%
7 108 Zinedine Zidane
94%
1 145 Hugo Lloris
94%
4 120 Olivier Giroud
92%
3 123 Thierry Henry
86%
15 91 Paul Pogba
81%
13 93 Raphaël Varane
81%
2 142 Lilian Thuram
81%
9 103 Didier Deschamps
80%
10 97 Laurent Blanc
69%
12 97 Karim Benzema
67%
16 87 Fabien Barthez
65%
6 116 Marcel Desailly
65%
11 97 Bixente Lizarazu
56%
18 84 Blaise Matuidi
51%
20 82 Youri Djorkaeff
36%
8 107 Patrick Viéra
35%
17 84 Guillaume Gallas
24%
14 92 Sylvain Wiltord
21%
19 82 Manuel Amores
1%
Aucun quiz correspondant
Distribution des résultats
% des personnes avec chaque résultat
Percentile par nombre de réponses
Votre historique - résultats
Vous n’avez pas pris ce quiz